[Event "Warsaw YMCA Spring-B 241st"]
[Site "Warsaw"]
[Date "2021.04.15"]
[Round "1"]
[White "Nawalaniec, Adam"]
[Black "Kwiecinski, Rafal"]
[Result "1-0"]
[WhiteElo "1639"]
[BlackElo "1551"]
[PlyCount "65"]
[EventDate "2021.04.15"]
[EventType "swiss"]
[EventRounds "11"]
[EventCountry "POL"]
[SourceTitle "EXT 2022"]
[Source "ChessBase"]
[SourceDate "2021.10.06"]
[SourceVersion "1"]
[SourceVersionDate "2021.10.06"]
[SourceQuality "1"]

1. e4 c5 2. Nf3 Nc6 3. d4 cxd4 4. Nxd4 e5 5. Nb5 d6 6. N1c3 a6 7. Na3 Nf6 8. Be3 Ng4 9. Nd5 Nxe3 10. Nxe3 Be6 11. Be2 Be7 12. c3 0-0 13. 0-0 b5 14. Nac2 Qb8 15. Bg4 Qc8 16. Nf5 Rd8 17. Nb4 Bf8 18. Nd5 Rb8 19. Qf3 Rb7 20. Qg3 Kh8 21. Qh4 Qb8 22. Rad1 Bxd5 23. exd5 Ne7 24. Ne3 Ng6 25. Qg3 Be7 26. Nf5 Bf6 27. Rfe1 Rc8 28. Nxd6 Bh4 29. Qf3 Qxd6 30. Bxc8 Rc7 31. Bf5 Rc4 32. Bxg6 Rf4 33. Qxf4 1-0

[Event "Warsaw YMCA Winter-B 210th"]
[Site "Warsaw"]
[Date "2019.01.31"]
[Round "4"]
[White "Sieczkowski, Adam"]
[Black "Kwiecinski, Rafal"]
[Result "0-1"]
[WhiteElo "1638"]
[BlackElo "1565"]
[PlyCount "96"]
[EventDate "2019.01.09"]
[EventType "swiss"]
[EventRounds "13"]
[EventCountry "POL"]
[SourceTitle "CBM 189 Extra"]
[Source "ChessBase"]
[SourceDate "2019.06.03"]
[SourceVersion "1"]
[SourceVersionDate "2019.06.03"]
[SourceQuality "1"]

1. Nf3 c5 2. g3 Nc6 3. Bg2 e5 4. d3 h6 5. c4 Be7 6. Nc3 d6 7. 0-0 Nf6 8. b3 Bg4 9. Bb2 Qd7 10. Re1 h5 11. Qd2 Rh6 12. a3 Nd4 13. Nxd4 exd4 14. Nd5 Nxd5 15. Bxd5 h4 16. e3 hxg3 17. hxg3 Be6 18. Bg2 dxe3 19. Qxe3 Rg6 20. Re2 Bg4 21. f3 Re6 22. Qd2 Bf5 23. Rae1 Rxe2 24. Qxe2 g6 25. g4 Be6 26. Bh3 0-0-0 27. d4 d5 28. cxd5 Qxd5 29. Rc1 Kb8 30. dxc5 Bxc5+ 31. Kh1 Ka8 32. Bf6 Re8 33. b4 Bb6 34. g5 a6 35. Bg2 Bd7 36. Qb2 Bb5 37. f4 Qd3 38. Be5 Qg3 39. Qc3 Qf2 40. Qh3 Ka7 41. Kh2 Rd8 42. Qh7 Rd2 43. Qh3 Bf1 44. Bb8+ Ka8 45. Rxf1 Qxf1 46. Be5 Qg1+ 47. Kg3 Rd3+ 48. Kg4 Rxh3 0-1

[Event "Warsaw YMCA Winter-B 210th"]
[Site "Warsaw"]
[Date "2019.01.24"]
[Round "3"]
[White "Kwiecinski, Rafal"]
[Black "Tomsia, Jakub"]
[Result "0-1"]
[WhiteElo "1565"]
[BlackElo "1633"]
[PlyCount "84"]
[EventDate "2019.01.09"]
[EventType "swiss"]
[EventRounds "13"]
[EventCountry "POL"]
[SourceTitle "CBM 189 Extra"]
[Source "ChessBase"]
[SourceDate "2019.06.03"]
[SourceVersion "1"]
[SourceVersionDate "2019.06.03"]
[SourceQuality "1"]

1. e4 c5 2. Bc4 Nc6 3. c3 Nf6 4. d3 e6 5. Qe2 d6 6. f4 Be7 7. Nf3 0-0 8. 0-0 a6 9. a4 Bd7 10. Ng5 h6 11. Nh3 Rb8 12. Ba2 b5 13. axb5 axb5 14. Be3 Ra8 15. Nd2 Ra6 16. Bb3 Qa8 17. Rab1 d5 18. e5 Ne8 19. Qh5 d4 20. Bf2 f5 21. Nf3 Nc7 22. Nh4 Bxh4 23. Bxh4 Na5 24. Bd1 Be8 25. Qe2 Nd5 26. Bf2 dxc3 27. Bxc5 Rf7 28. b4 Nc6 29. Bb3 Ncxb4 30. Rfc1 Rc7 31. d4 Bd7 32. Qf3 Na2 33. Rc2 Ndb4 34. Qxa8+ Rxa8 35. Bxe6+ Bxe6 36. Bxb4 Ra4 37. Bd6 Rb7 38. Ra1 b4 39. Rf2 b3 40. Rb1 Rxd4 41. Rff1 c2 42. Rb2 Rd1 0-1

[Event "Warsaw YMCA Autumn-C 207th"]
[Site "Warsaw"]
[Date "2018.11.07"]
[Round "8"]
[White "Kwiecinski, Rafal"]
[Black "Kwiek, Janusz"]
[Result "1-0"]
[WhiteElo "1527"]
[BlackElo "1590"]
[PlyCount "101"]
[EventDate "2018.09.18"]
[EventType "tourn"]
[EventRounds "13"]
[EventCountry "POL"]
[SourceTitle "EXT 2021"]
[Source "ChessBase"]
[SourceDate "2020.10.23"]
[SourceVersion "1"]
[SourceVersionDate "2020.10.23"]
[SourceQuality "1"]

1. e4 c5 2. Bc4 e6 3. Qe2 Nc6 4. c3 Nf6 5. e5 d5 6. Bb5 Nd7 7. f4 Be7 8. Nf3 0-0 9. 0-0 a6 10. Ba4 b5 11. Bc2 g6 12. d3 Bb7 13. Be3 Nb6 14. Bf2 d4 15. g3 a5 16. Nbd2 b4 17. c4 a4 18. h4 h6 19. Nh2 Kh7 20. Nhf3 Rg8 21. Kh2 a3 22. b3 Nd7 23. Rae1 Qf8 24. Rg1 Re8 25. g4 Rg7 26. Rg3 Nd8 27. Reg1 Qh8 28. Rh3 Kg8 29. Bd1 Nf8 30. Ne4 Bxe4 31. dxe4 Nc6 32. Bc2 Rd8 33. Bd3 Nd7 34. Bg3 f6 35. exf6 Nxf6 36. Nd2 Kf7 37. e5 Nd7 38. Rf1 h5 39. f5 hxg4 40. fxg6+ Kg8 41. Qxg4 Nf8 42. h5 Nxe5 43. Bxe5 Bd6 44. Bxd6 Rxd6 45. Qf4 Rd8 46. h6 Nxg6 47. Bxg6 Re7 48. Ne4 e5 49. Nf6+ Kf8 50. Qf5 Rc7 51. Nd5+ 1-0